A Váci Egyházmegye vallásturisztikai kínálatának elemzése

Bibliográfiai részletek
Szerző: Sztankó Szandra
További közreműködők: Jusztin Dr. Márta
Dokumentumtípus: Diplomadolgozat
Kulcsszavak:Turizmus, vallási
Tematikus út, vallási
Váci Egyházmegye
Turizmus, Váci Egyházmegye
Online Access:http://dolgozattar.uni-bge.hu/59394

MARC

LEADER 00000nta a2200000 i 4500
001 dolg59394
005 20260114131536.0
008 260114suuuu hu om 000 hun d
040 |a BGE Dolgozattár Repozitórium  |b hun 
041 |a hu 
100 1 |a Sztankó Szandra 
245 1 2 |a A Váci Egyházmegye vallásturisztikai kínálatának elemzése  |c Sztankó Szandra  |h [elektronikus dokumentum] 
695 |a Turizmus, vallási 
695 |a Tematikus út, vallási 
695 |a Váci Egyházmegye 
695 |a Turizmus, Váci Egyházmegye 
700 1 |a Jusztin Dr. Márta  |e ths 
856 4 0 |u http://dolgozattar.uni-bge.hu/59394/1/Sztanko-Szandra.pdf  |z Dokumentum-elérés